| 000 | 00722cab a2200241 4500 | ||
|---|---|---|---|
| 001 | X95577 | ||
| 008 | 090401t1998 xxu||||| |||| 00| 0 eng d | ||
| 035 | _a(Sirsi) u90224 | ||
| 041 | _aeng | ||
| 245 | _aMorgan Sindall plc v Sawston Farms Ltd | ||
| 260 | _c1998 | ||
| 350 | _a0 | ||
| 490 |
_aNew Property Cases _v[1998] NPC 159 |
||
| 520 | _aCA 3 December 1998. Non speaking valuation by an expert. "Jones v Sherwood" vigorously applied. NB (NO PHOTOCOPYING ALLOWED) | ||
| 650 | _aEXPERTS | ||
| 650 | _aJONES V SHERWOOD | ||
| 650 | _aMORGAN SINDALL PLC V SAWSTON FARMS LTD | ||
| 650 | _aPROPERTY VALUATION | ||
| 650 | _aRIGHT OF WAY | ||
| 690 | _aARBITRATION-CASE LAW | ||
| 942 | _n0 | ||
| 948 | _c10/12/1998 | ||
| 999 |
_c57169 _d57169 |
||